000 00525nam a2200181 i 4500
001 130206
003 ES-MaACL
005 20250724074948.0
007 t|
008 070723s1968 xxk ||||1| eng d
100 1 _aZygmund, A.
_9118569
245 1 0 _aTrigonometric series
_b: (volumes I and II) /
_cA. Zygmund.
260 _aCambridge :
_bUniversity Press,
_c1968.
300 _a2 tom. en 1 vol. ;
_c27 cm.
650 7 _aTrigonometrĂ­a
_2embne
_917647
852 _aES-MaACL
_jE-5747
_bR.89680
999 _c130206
_d130206